00000000nam 2200000zi 4500
0019.940804
003CaOODSP
00520250130144308
006m     o  d f      
007cr mn|||||||||
008240719e202409##onc     ob   f100 0 eng d
020 |a9780660728698
040 |aCaOODSP|beng|erda|cCaOODSP
043 |an-cn-ns|an-cn-nk|aln-----
0861 |aFs70-4/2024-035E-PDF
24500|aProceedings of the Maritimes regional advisory meeting of the identification of a limit reference point for southwest Nova Scotia/Bay of Fundy Atlantic herring (Clupea harengus) : |bmeeting dates, November 12-13, 2020 and January 18, 2021 : location, virtual meeting / |cchairperson, Kent Smedbol ; editor, Daphne Themelis.
264 1|aOttawa ON : |bCanadian Science Advisory Secretariat (CSAS), |cSeptember 2024.
264 4|c©2024
300 |a1 online resource (iv, 14 pages).
336 |atext|btxt|2rdacontent
337 |acomputer|bc|2rdamedia
338 |aonline resource|bcr|2rdacarrier
4901 |aProceedings series, |x1701-1280 ; |v2024/035
500 |aIssued also in French under title: Compte rendu de la réunion sur les avis scientifiques de la région des Maritimes de la désignation d'un point de référence limite pour le hareng de l'Atlantique (Clupea harengus) du sud-ouest de la Nouvelle-Écosse/baie de Fundy : dates de la réunion, du 12 au 13 novembre 2020 et le 18 janvier 2021 : endroit, réunion virtuelle.
504 |aIncludes bibliographical references.
520 |a"A regional peer review on the Identification of a Limit Reference Point for Southwest Nova Scotia/Bay of Fundy Atlantic Herring (Clupea harengus) was held on November 12-13, 2020, virtually using Microsoft Teams. As set out in the terms of reference (ToR) the focus was to consider limit reference points (LRP) in the context of the precautionary approach framework and identify a suitable LRP for testing operating models within a management strategy evaluation (MSE). The meeting reconvened on January 18, 2021 to discuss whether a static or dynamic reference point based on spawning stock biomass at maximum sustainable yield (SSBMSY) would be more appropriate for evaluating management procedures. It was decided that a dynamic SSBMSY would be adopted, solely to be used in the performance threshold to eliminate candidate management procedures in the MSE and that the use of dynamic reference points in determination of stock status is not appropriate. Participation in this meeting included Fisheries and Oceans Canada (DFO) Science, DFO Resource Management, Indigenous Communities/Organizations, Non-Government Organizations, Fishing Industry, University of British Columbia modelling team, and external experts. This proceedings document includes a summary of the presentations and is a record of the meeting discussions and conclusions. …"--Summary, page iv.
650 0|aAtlantic herring fisheries|zNova Scotia|zAtlantic Coast|xManagement|vCongresses.
650 0|aAtlantic herring fisheries|zFundy, Bay of|xManagement|vCongresses.
650 0|aFish stock assessment|zNova Scotia|zAtlantic Coast|vCongresses.
650 0|aFish stock assessment|zFundy, Bay of|vCongresses.
655 7|aConference papers and proceedings|2lcgft
7001 |aSmedbol, R. Kent |q(Robert Kent), |d1968-
7102 |aCanadian Science Advisory Secretariat, |eissuing body.
7101 |aCanada. |bDepartment of Fisheries and Oceans. |bMaritimes Region, |eissuing body.
77508|tCompte rendu de la réunion sur les avis scientifiques de la région des Maritimes de la désignation d'un point de référence limite pour le hareng de l'Atlantique (Clupea harengus) du sud-ouest de la Nouvelle-Écosse/baie de Fundy : |w(CaOODSP)9.940807
830#0|aProceedings series (Canadian Science Advisory Secretariat)|v2024/035.|w(CaOODSP)9.506483
85640|qPDF|s470 KB|uhttps://publications.gc.ca/collections/collection_2025/mpo-dfo/fs70-4/Fs70-4-2024-035-eng.pdf